[Event "Hamburg State-ch U18"]
[Site "Cuxhaven"]
[Date "2005.03.14"]
[Round "4"]
[White "Hagenlueke, Thomas"]
[Black "Lam, Charlie Le"]
[Result "1-0"]
[WhiteElo "1573"]
[BlackElo "1423"]
[PlyCount "55"]
[EventDate "2005.03.12"]
[EventType "swiss"]
[EventRounds "9"]
[EventCountry "GER"]
[SourceTitle "EXT 2007"]
[Source "ChessBase"]
[SourceDate "2006.11.23"]
[SourceVersion "1"]
[SourceVersionDate "2006.11.23"]
[SourceQuality "1"]

1. e4 e6 2. d4 d5 3. Nc3 Bb4 4. e5 c5 5. a3 Bxc3+ 6. bxc3 Qc7 7. Bd2 Nc6 8. Qg4 Nge7 9. Qxg7 Rg8 10. Qxh7 cxd4 11. f4 Nxe5 12. fxe5 Qxe5+ 13. Ne2 Rh8 14. Qd3 Rxh2 15. Rxh2 Qxh2 16. cxd4 Bd7 17. Qh3 Qxh3 18. gxh3 0-0-0 19. Bg5 Re8 20. Ng3 Nc6 21. c3 Rg8 22. Bf4 f6 23. h4 e5 24. dxe5 fxe5 25. Bg5 e4 26. 0-0-0 Be6 27. Ne2 Ne5 28. Nf4 1-0